000 00628nab a2200193 4500
001 244442
003 OSt
005 20251021124431.0
007 tu
008 200917s2020|||||||
040 _aDE-2950
_cDE-2950
245 0 0 _a"Das Lesen der Welt üben"
_bViadrina. Studierende und Weggefährten gratulieren Karl Schlögel zum Friedenspreis des Deutschen Buchhandels/
_cred
264 _c2025
653 _aFrankfurt (Oder)
653 _aKarl Schlögel
653 _aFriedenspreis des Deutschen Buchhandels
773 0 _g36. Jahrgang (2025) Nr. 242 vom 17.10.2025, S. 13, 19 mit Foto
_tMärkische Oderzeitung
942 _2z
_cA
999 _c374075
_d374075